000
00282nam a2200097Ia 4500
005
20251222152026.0
008
251222s9999||||xx |||||||||||||| ||spa||
082
_a
630.1C/I59/V.24
245
0
_a
III Censo Nacional Agropecuario: Perfil Agropecuario: Departamento de JunÃn
942
_c
LIB
999
_c
25467
_d
25467